000 00723cam a22002412i 4500
001 CIP114015964
003 YEEZEN
005 20251215100337.0
008 251031s2025 ch e 000 0 chi d
020 _a9786267667767
_q(精裝) :
_cNT$2000
040 _aCIP
_bchi
_cCIP
042 _anbic
084 _a419.333
_2ncsclt
090 _a419.333
245 1 0 _a疫後新生: 國家醫院 轉變與永續 /
_c衛生福利部附屬醫療及社會福利機構管理會所屬醫院著
260 _a臺北市 :
_b衛福部,
_c2025.11.
300 _a面 ;
_c公分
650 7 _2lcstt
_a醫療機構
650 7 _2lcstt
_a健康照護體系
650 7 _2lcstt
_a醫療服務
651 7 _2lcstt
_a臺灣
942 _2ccl
_cBOOK
999 _c7676
_d7676